Indian political thought / (Record no. 57309)

MARC details
000 -LEADER
fixed length control field 02823nam a22003617a 4500
005 - DATE AND TIME OF LATEST TRANSACTION
control field 20111005114135.0
010 ## - LCCN (DPL NO)
LC control number ENG-103878 B-459016-9025
020 ## - INTERNATIONAL STANDARD BOOK NUMBER
International Standard Book Number 9788120343054
Terms of availability 350.00
035 ## - SYSTEM CONTROL NUMBER
System control number EN-87411 B-459016-9025
037 ## - SOURCE OF ACQUISITION
Source of stock number/acquisition DBAD / PUB
037 ## - SOURCE OF ACQUISITION
Source of stock number/acquisition RBC/Ven
082 ## - DEWEY DECIMAL CLASSIFICATION NUMBER
Classification number 320.50954
100 ## - MAIN ENTRY--PERSONAL NAME
Personal name Padhy, K.S.
245 ## - TITLE STATEMENT
Title Indian political thought /
Statement of responsibility, etc by K.S. Padhy
260 ## - PUBLICATION, DISTRIBUTION, ETC. (IMPRINT)
Place of publication, distribution, etc New Delhi
Name of publisher, distributor, etc PHI Learning
Date of publication, distribution, etc 2011
270 ## - ADDRESS
Address M-97 Connaught Circus
City New Delhi
Postal code 110001
300 ## - PHYSICAL DESCRIPTION
Extent xvi,384p.
Dimensions 24cm (pbk)
500 ## - GENERAL NOTE
General note Includes bibliographical references and indexes
700 ## - ADDED ENTRY--PERSONAL NAME
9 (RLIN) 24920
942 ## - ADDED ENTRY ELEMENTS (KOHA)
Source of classification or shelving scheme Dewey Decimal Classification
Item type English Books
Call number suffix SRI
Classification part 320.50954
Holdings
Withdrawn status Lost status Not for loan Collection code Home library Current library Date acquired Source of acquisition Cost, normal purchase price Full call number Barcode Copy number Cost, replacement price Koha item type
      Non-fiction Andrews Gunj Andrews Gunj 27/04/2012 RBC/27381/30.01.2012/07/18.01.2012/06.02.2012 350.00 320.50954 SRI B-459021 1 350.00 English Books
  Lost and Paid For   Non-fiction Central Library Central Library 27/04/2012 RBC/27381/30.01.2012/07/18.01.2012/06.02.2012 350.00 320.50954 SRI B-459016 1 350.00 English Books
    Not For Loan Non-fiction D.B.Act.Division D.B.Act.Division 05/10/2011 DBAD/PUB 350.00 320.50954 SRI EN-87411 1 350.00 English Books
      Non-fiction Janak Puri Janak Puri 27/04/2012 RBC/27381/30.01.2012/07/18.01.2012/06.02.2012 350.00 320.50954 SRI B-459018 1 350.00 English Books
  Written-off vide DLB M. No. 383 dt 16.05.19   Non-fiction Karol Bagh Karol Bagh 27/04/2012 RBC/27381/30.01.2012/07/18.01.2012/06.02.2012 350.00 320.50954 SRI B-459023 1 350.00 English Books
      Non-fiction Narela Narela 27/04/2012 RBC/27381/30.01.2012/07/18.01.2012/06.02.2012 350.00 320.50954 SRI B-459024 1 350.00 English Books
      Non-fiction Patel Nagar Patel Nagar 27/04/2012 RBC/27381/30.01.2012/07/18.01.2012/06.02.2012 350.00 320.50954 SRI B-459017 1 350.00 English Books
      Non-fiction R.K.Puram-8 R.K.Puram-8 27/04/2012 RBC/27381/30.01.2012/07/18.01.2012/06.02.2012 350.00 320.50954 SRI B-459020 1 350.00 English Books
      Non-fiction Sarojini Nagar Sarojini Nagar 27/04/2012 RBC/27381/30.01.2012/07/18.01.2012/06.02.2012 350.00 320.50954 SRI B-459019 1 350.00 English Books
      Non-fiction Shahdara Branch Shahdara Branch 27/04/2012 RBC/27381/30.01.2012/07/18.01.2012/06.02.2012 350.00 320.50954 SRI B-459025 1 350.00 English Books
      Non-fiction Vinoba Puri Vinoba Puri 27/04/2012 RBC/27381/30.01.2012/07/18.01.2012/06.02.2012 350.00 320.50954 SRI B-459022 1 350.00 English Books

© Delhi Public Library
Hit Counter
free hit counter